[Event "LSS ZN-2009-0-00899"]
[Site "LSS email"]
[Date "2010.02.01"]
[Round "?"]
[White "Pauk, Jozef"]
[Black "Skoromovsky, Andrew"]
[Result "1-0"]
[WhiteElo "865"]
[BlackElo "640"]
[PlyCount "27"]
[EventDate "2010.01.28"]
[EventType "match (corr)"]
[EventRounds "2"]
[EventCountry "GER"]
[SourceTitle "Corr 2015"]
[Source "ChessBase"]
[SourceDate "2015.07.17"]
[SourceVersion "1"]
[SourceVersionDate "2015.07.17"]
[SourceQuality "1"]

1. d4 Nc6 2. c3 e5 3. e3 exd4 4. cxd4 f5 5. Nc3 Bb4 6. Bd3 Nh6 7. Nf3 f4 8. 0-0 g5 9. exf4 gxf4 10. Bxf4 Bxc3 11. Bg5 Ne7 12. Ne5 Nf7 13. Qh5 Rf8 14. bxc3 1-0

[Event "LSS SN-2009-0-00172"]
[Site "LSS email"]
[Date "2009.07.29"]
[Round "?"]
[White "Skoromovsky, Andrew"]
[Black "Pehl, Ferenc"]
[Result "0-1"]
[WhiteElo "800"]
[BlackElo "829"]
[PlyCount "66"]
[EventDate "2009.07.14"]
[EventType "tourn (corr)"]
[EventRounds "6"]
[EventCountry "GER"]
[SourceTitle "Corr 2011"]
[Source "ChessBase"]
[SourceDate "2010.08.31"]
[SourceVersion "1"]
[SourceVersionDate "2010.08.31"]
[SourceQuality "1"]

1. Nf3 Nc6 2. e4 e5 3. d4 exd4 4. Nxd4 Nxd4 5. Qxd4 d6 6. e5 dxe5 7. Qxe5+ Qe7 8. Qxe7+ Bxe7 9. Nc3 Nf6 10. Bc4 0-0 11. Nd5 Nxd5 12. Bxd5 Rd8 13. 0-0 Rxd5 14. Bf4 c6 15. Rfd1 Rxd1+ 16. Rxd1 Be6 17. b4 Rd8 18. Rc1 Bxb4 19. Bc7 Rd7 20. c3 Bxc3 21. Rxc3 Rxc7 22. h4 a6 23. f4 Bxa2 24. f5 Bd5 25. Re3 Kf8 26. g4 a5 27. g5 b5 28. h5 a4 29. g6 hxg6 30. fxg6 b4 31. Re5 a3 32. Rf5 a2 33. Rxf7+ Bxf7 0-1